000 00312nam a2200121Ia 4500
005 20251222144806.0
008 251222s9999||||xx |||||||||||||| ||spa||
020 _a2-7118-2085-8
082 _a708.44/M61
245 0 _aPortratis d'artistas
264 _bMinisterio de la Cultura de la Comunicación
942 _cLIB
999 _c19939
_d19939